বঙ্গবন্ধুর জীবন ও কর্ম / (Record no. 6606)
[ view plain ]
| 000 -LEADER | |
|---|---|
| fixed length control field | 00956nam a22002297a 4500 |
| 003 - CONTROL NUMBER IDENTIFIER | |
| control field | BUBTL |
| 008 - FIXED-LENGTH DATA ELEMENTS--GENERAL INFORMATION | |
| fixed length control field | 211208b ||||| |||| 00| 0 eng d |
| 020 ## - INTERNATIONAL STANDARD BOOK NUMBER | |
| International Standard Book Number | 9847026401746 |
| 082 ## - DEWEY DECIMAL CLASSIFICATION NUMBER | |
| Classification number | 954.925/ H8809b/ 2012 |
| 100 ## - MAIN ENTRY--PERSONAL NAME | |
| Personal name | হুমায়ুন, রফিকুজ্জামান |
| 245 ## - TITLE STATEMENT | |
| Title | বঙ্গবন্ধুর জীবন ও কর্ম / |
| Statement of responsibility, etc. | রফিকুজ্জামান হুমায়ুন |
| 250 ## - EDITION STATEMENT | |
| Edition statement | 1st Edn. |
| 260 ## - PUBLICATION, DISTRIBUTION, ETC. (IMPRINT) | |
| Place of publication, distribution, etc. | ঢাকা : |
| Name of publisher, distributor, etc. | জনতা প্রকাশ, |
| Date of publication, distribution, etc. | c2012. |
| 300 ## - PHYSICAL DESCRIPTION | |
| Extent | 207 p.: |
| Other physical details | ill.: |
| Dimensions | 21 Cm. |
| 500 ## - GENERAL NOTE | |
| General note | Includes Bibliography |
| 505 ## - FORMATTED CONTENTS NOTE | |
| Formatted contents note | বঙ্গবন্ধুর জীবন ও কর্ম, রফিকুজ্জামান হুমায়ুন, বঙ্গবন্ধু |
| 650 #0 - SUBJECT ADDED ENTRY--TOPICAL TERM | |
| 9 (RLIN) | 3573 |
| Topical term or geographic name as entry element | বঙ্গবন্ধু |
| 650 #0 - SUBJECT ADDED ENTRY--TOPICAL TERM | |
| 9 (RLIN) | 4372 |
| Topical term or geographic name as entry element | Bangabandhu |
| 856 ## - ELECTRONIC LOCATION AND ACCESS | |
| Password | 0 |
| Logon | 0 |
| Link text | Download |
| 942 ## - ADDED ENTRY ELEMENTS (KOHA) | |
| Source of classification or shelving scheme | |
| Koha item type | Books |
| Withdrawn status | Lost status | Source of classification or shelving scheme | Damaged status | Not for loan | Collection code | Permanent location | Current location | Shelving location | Date acquired | Source of acquisition | Inventory number | Total Checkouts | Full call number | Barcode | Date last seen | Date last checked out | Copy number | Price effective from | Koha item type |
|---|---|---|---|---|---|---|---|---|---|---|---|---|---|---|---|---|---|---|---|
| Non-fiction | Bangladesh University of Business and Technology Library | Bangladesh University of Business and Technology Library | Historical Books | 03/14/2020 | Purchase | 27264 | 1 | 954.925/ H8809b/ 2012 | BUBTL-200327264 | 11/26/2023 | 04/09/2023 | C-1 | 12/08/2021 | Books |
